000
00518nam a2200169Ia 4500
008
090711s9999 xx 000 0 und d
082
_b
62388
100
_a
अनुभवी तज्ञ
245
_a
सहाशे लघुउद्योग
260
_c
1989
300
_a
149
600
_a
अनुभवी तज्ञ
630
_a
सहाशे लघुउद्योग
700
_a
अनुभवी तज्ञ
730
_a
सहाशे लघुउद्योग
942
_c
BOOK
999
_c
284199
_d
284199